Doctor Who episodes without the TARDIS - Statistics

General Stats
  • This quiz has been taken 27 times
  • The average score is 6 of 27
Answer Stats
Answer % Correct
Midnight
82%
Dalek
45%
Love And Monsters
41%
Planet Of The Dead
41%
The Woman Who Fell To Earth
41%
The Age Of Steel
36%
The Impossible Planet
36%
The Long Game
32%
Daleks In Manhattan
27%
73 Yards
23%
Closing Time
23%
Evolution Of The Daleks
23%
The Idiot's Lantern
23%
Boom
18%
Cold War
18%
Dot And Bubble
18%
Sleep No More
18%
A Good Man Goes To War
14%
The Crimson Horror
14%
The Doctor, The Widow And The Wardrobe
9%
A Town Called Mercy
5%
Ascension Of The Cybermen
0%
It Takes You Away
0%
The Lie Of The Land
0%
The Tsuranga Conundrum
0%
The Witchfinders
0%
The Witch's Familiar
0%
No matching quizzes found
Score Distribution
Percent of People with Each Score
Percentile by Number Answered
Your Score History
You have not taken this quiz